Investorov neláka stratová výroba Nového Calexu

Zlé hospodárenie Nového Calexu, a.s. Zlaté Moravce s úverom od VÚB, a.s. Bratislava, za ktorý za určitých podmienok prevzala záruku vláda SR. Viac ako polovicu úveru spotrebovala firma na uhradenie starých záväzkov voči dodávateľom. Úver bol určený predovšetkým na verejné fondy a nákup materiálu na...

Ausführliche Beschreibung

Gespeichert in:
Bibliographische Detailangaben
1. Verfasser: Hrúz, Juraj
Format: Buchkapitel
Sprache:Slowakisch
Schlagworte:
Tags: Tag hinzufügen
Keine Tags, Fügen Sie das erste Tag hinzu!

MARC

LEADER 00000naa a2200000 4500
001 r039989
005 20230921110319.5
041 0 |a slo 
044 |a SK 
245 1 0 |a Investorov neláka stratová výroba Nového Calexu  |c Juraj Hrúz 
520 |a Zlé hospodárenie Nového Calexu, a.s. Zlaté Moravce s úverom od VÚB, a.s. Bratislava, za ktorý za určitých podmienok prevzala záruku vláda SR. Viac ako polovicu úveru spotrebovala firma na uhradenie starých záväzkov voči dodávateľom. Úver bol určený predovšetkým na verejné fondy a nákup materiálu na dva mesiace. Ak sa podarí získať ďalší úver Nový Calex by mal v budúcom roku dosiahnuť vyrovnaný hospodársky výsledok. Zahraničný investor zatiaľ nemá záujem vstúpiť do firmy. Problémom je aj vysoká prezamestnanosť. 
610 2 0 |a hospodárenie finančné 
610 2 0 |a hospodárenie podnikové 
610 2 0 |a úver 
610 2 0 |a záväzky podniku 
610 2 0 |a dodávatelia 
610 2 0 |a výsledok hospodársky 
610 2 0 |a investície zahraničné 
610 2 0 |a investície zo zahraničia 
610 2 0 |a počet pracovníkov 
610 2 0 |a odbyt 
610 2 0 |a Nový Calex, a.s. Zlaté Moravce 
100 1 |a Hrúz, Juraj